Ricostruisci la Carriera del Calciatore - Claudio Caniggia - Statistics

Statistiche generali
  • Questo quiz è stato fatto 6 volte
  • Il punteggio medio è 3 su 11
Statistiche sulle risposte
Hint Risposta % Corretto
1989-1992 Atalanta
60%
1995-1998 Boca Juniors
40%
2003-2004 Qatar SC
40%
1985-1988 River Plate
40%
1992-1994 Roma
40%
1988-1989 Verona
40%
2000-2001 Dundee
20%
2001-2003 Rangers
20%
2012 Wembley
20%
1999-2000 Atalanta
0%
1994-1995 Benfica
0%
Nessun quiz corrispondente trovato
Distribuzione punteggi
Percentuale di utenti per punteggio
Percentile per numero di risposta
I tuoi punteggi nel tempo
Non hai fatto questo quiz